| 000 | 01513cam a22003735i 4500 | ||
|---|---|---|---|
| 999 |
_c27720 _d27691 |
||
| 003 | EG-ScBUE | ||
| 005 | 20191111143451.0 | ||
| 008 | 850419s1983 enka f b 001 0 eng d | ||
| 020 | _a0521296285 (pbk. : v. 1) | ||
| 020 | _a9780521296281 (pbk. : v. 1) | ||
| 020 | _a0521296293 (pbk. : v. 2) | ||
| 020 | _a9780521296298 (pbk. : v. 2) | ||
| 035 | _a(OCoLC)ocm11942164 | ||
| 035 | _a(InU)BBK2886NW | ||
| 035 | _a(InU)BBK2887SE | ||
| 040 |
_aIUL _beng _erda _cIUL _dEG-ScBUE _dEG-ScBUE |
||
| 082 | 0 | 4 |
_a809.2 _bSTY _222 |
| 100 | 1 | 0 |
_aStyan, J. L. _eauthor. |
| 245 | 1 | 0 |
_aModern drama in theory and practice / _cJ. L. Styan, Franklyn Bliss Snyder professor of English literature and professor of Theater Northwestern University, Emeritus. |
| 250 | _aFirst paperback edition. | ||
| 264 | 1 |
_aCambridge ; _aNew York : _bCambridge University Press, _c1983. |
|
| 300 |
_a2 volume : _billustrations ; _c22 cm |
||
| 336 |
_atext _btxt _2rdacontent |
||
| 337 |
_aunmediated _bn _2rdamedia |
||
| 338 |
_avolume _bnc _2rdacarrier |
||
| 500 | _aVolume 1. Fifteenth printing 2009 and Volume 2. Fifteenth printing 2010. -- verso title page. | ||
| 504 | _aIncludes bibliographical references and indexes. | ||
| 505 | 2 | _avolume 1. Realism and naturalism -- volume 2. Symbolism, surrealism, and the absurd. | |
| 650 | 7 |
_aDrama _xHistory and criticism. _y20th century _2BUEsh _930822 |
|
| 650 | 7 |
_aTheater _xHistory _y20th century. _2BUEsh |
|
| 653 |
_bHHUUEENN _cOctober2019 |
||
| 655 | _vReading book | ||
| 942 |
_2ddc _cBB |
||